Engineering mechanics of solids (Record no. 12444)

000 -LEADER
fixed length control field 00474nam a22001697a 4500
020 ## - INTERNATIONAL STANDARD BOOK NUMBER
International Standard Book Number 9788177585780
082 ## - DEWEY DECIMAL CLASSIFICATION NUMBER
Classification number 620.112 POP
100 ## - MAIN ENTRY--PERSONAL NAME
Personal name Popov, E. P. (Egor Paul),
245 ## - TITLE STATEMENT
Title Engineering mechanics of solids
250 ## - EDITION STATEMENT
Edition statement 2nd ed.
260 ## - PUBLICATION, DISTRIBUTION, ETC.
Place of publication, distribution, etc. New Delhi, India
Name of publisher, distributor, etc. Pearson Education
Date of publication, distribution, etc. 1998
300 ## - PHYSICAL DESCRIPTION
Extent xvi, 864 p.
Other physical details ill. ;
500 ## - GENERAL NOTE
General note Includes bibliographical references and index.
650 ## - SUBJECT ADDED ENTRY--TOPICAL TERM
Topical term or geographic name entry element Strength of materials.
700 ## - ADDED ENTRY--PERSONAL NAME
Personal name Balan, Toader A.
942 ## - ADDED ENTRY ELEMENTS (KOHA)
Koha item type Book
Holdings
Withdrawn status Lost status Damaged status Not for loan Collection code Permanent Location Current Location Shelving location Date acquired Source of acquisition Cost, normal purchase price Total Checkouts Full call number Barcode Date last seen Price effective from Koha item type
          Central Library (CL) Central Library (CL) General Stacks 12/27/2013 Saeed Book Bank 610.40   620.112 POP SEECS012816 01/01/2014 01/01/2014 Book
© 2023 Central Library, National University of Sciences and Technology. All Rights Reserved.